FC Barcelona - Napoli Champions League 2019-20 - Statistics

General Stats
  • This quiz has been taken 127 times
  • The average score is 19 of 31
Answer Stats
Player % Correct
Lionel Messi ¹
98%
Gerard Piqué
94%
Luis Suárez ¹
94%
Jordi Alba
93%
Marc-André ter Stegen
93%
Lorenzo Insigne ¹
88%
Dries Mertens
87%
Kalidou Koulibaly
83%
Clément Lenglet ¹
78%
Antoine Griezmann
77%
David Ospina
74%
Sergi Roberto
70%
Frenkie de Jong
69%
Piotr Zieliński
69%
Nélson Semedo
68%
Giovanni Di Lorenzo
66%
Mário Rui
66%
Ivan Rakitić
53%
José Callejón
50%
Kostas Manolas
50%
Quique Setién
49%
Fabián Ruiz
47%
Hirving Lozano
42%
Arkadiusz Milik
39%
Gennaro Gattuso
39%
Stanislav Lobotka
37%
Diego Demme
35%
Matteo Politano
33%
Elif Elmas
21%
Junior Firpo
18%
Monchu
10%
No matching quizzes found
Score Distribution
Percent of People with Each Score
Percentile by Number Answered
Your Score History
You have not taken this quiz